00615nam a2200157Ia 4500008004100000041000800041082000800049100006800057245010700125260004900232300002000281440000600301906002000307999001700327952011300344221007s9999 xx 000 0 und d aeng bPRA aPranita Bhujbal - 2k171007 & Prof. Ganesh Lotke - Guide9104997 aStudy Of Supply Chain Management Practices In Logistics Industries In Selected Region Across The Globe c2018bSavitribai Phule Pune UniversityaPune a55pcHard Bound v1 bReference Books c78118d78118 00104070aHIMRbHIMRd2019-05-17eHNIMRl0o PRApHIMR-DR0051r2022-10-07 00:00:00w2022-10-07yDNzDR0051